00453 a2200145 4500001001000000005001700010008004100027245005900068100002100127700002900148700001800177700001900195773007600214999001700290ART_4185020260410162024.0260409a 10aMaternidad adolescente en barrios pobres de Montevideo1 aRosa, Cecilia de1 aDoyenart, María José1 aLara, Cecilia1 aVarela, Carmen0 tNotas de poblacióng- Año XLIII, Nº 103 (jul./dic. 2016)wREV41841 c33356d33356